| 000 | 01071nam a22002297a 4500 | ||
|---|---|---|---|
| 999 |
_c8924 _d8924 |
||
| 003 | AR-CdUCM | ||
| 008 | 190327b ||||| |||| 00| 0 spa d | ||
| 020 | _a978-987-1386-13-0 | ||
| 040 |
_aMUNICIPALIDAD PROVINCIAL DEL CUSCO _cBIBLIOTECA MUNICIPAL DEL CUSCO |
||
| 082 |
_a891.4 / _bC24 |
||
| 245 | _aEn el camino a Krsna / | ||
| 260 |
_aChina : _bThe Bhaktivedanta Book TrustInternational, _c2012. |
||
| 300 |
_a77 páginas ; _bretrato, _c18 cm. |
||
| 500 | _adespues del título, Su divina Gracia A.C. Bhaktivedanta Swami Prabhupada, Fundador Acarya de la Asociación Internacional para la Conciencia de Krishna. | ||
| 505 | _aContenido: Camino a la felicidad -- El método de cantar y conocer a Krsna -- Viento a Krsna siempre y en todas partes -- Los senderos de los necios y de los sabios -- Rumbo al supremo ... | ||
| 650 |
_aLiteratura Hindú _914401 |
||
| 650 |
_aSiglo XXI _92856 |
||
| 650 |
_aPalabras sáncritas transliteradas _924784 |
||
| 710 |
_aAsociación Internacional para la Conciencia de Krishna. _924785 |
||
| 942 |
_2ddc _cLIBROS |
||
| 945 | _aachl | ||